01270nam a2200313Ia 4500001001200000003000800012006001900020007001500039008004100054010001700095020004200112020002700154040002100181035002100202050002600223082001500249100002500264245019600289260005000485300001100535533015200546650002500698650003100723655002900754700001500783710001700798856012600815999001500941ebr10714558CaPaEBRm o u cr cn|||||||||130325s2013 ne s 000 0 eng d z 2013012300 z9789004234444 (hardback : alk. paper) z9789004234451 (e-book) aCaPaEBRcCaPaEBR a(OCoLC)84649468314aKNQ3800b.C383 2013eb04a345.512231 aChen, Jianfu,d1960-10aCriminal law and criminal procedure law in the People's Republic of Chinah[electronic resource] :bcommentary and legislation /cBy Jianfu Chen ; with the translation assistance of Suiwa Ke. aLeiden :bMartinus Nijhoff Publishers,c2013. a340 p. aElectronic reproduction.bPalo Alto, Calif. :cebrary,d2013.nAvailable via World Wide Web.nAccess may be limited to ebrary affiliated libraries. 0aCriminal lawzChina. 0aCriminal procedurezChina. 7aElectronic books.2local1 aKe, Suiwa.2 aebrary, Inc.40uhttp://site.ebrary.com/lib/rucke/Doc?id=10714558zAn electronic book accessible through the World Wide Web; click to view c1085d1085